000 00648nam a2200121Ia 4500
008 220615s9999||||xx |||||||||||||| ||und||
100 _aSelchow, Sabine
245 0 _aNegotiations of the "New World"
_bThe Omnipresence of "Global" as a Political Phenomenon
546 _aEnglish[eng]
650 _aPolitical Science||Global||Uncertainty,||Political Discourse||Culture||Politics||The New World||Political Language||USA||Rhetorics,||Globalization||International Relations||Political Theory||Political Science||Adjective||Beck||Omnipresence||Social reality
856 _uhttps://library.oapen.org/bitstream/20.500.12657/41515/1/648634.pdf
942 _cEB
999 _c14501
_d14501